Score 0/40 Timer 06:00
27 Plays Today
% Correct
Argentina
93.6%
Niger
92.3%
Nigeria
91.5%
Nepal
90.3%
Peru
89.8%
Madagascar
89.4%
Canada
89.3%
China
86.5%
Trinidad and Tobago
85.4%
Bolivia
84.3%
New Zealand
83.5%
Namibia
79.9%
Saint Kitts and Nevis
79.7%
Indonesia
78.8%
Seychelles
77.6%
Malaysia
75.3%
Antigua and Barbuda
73.6%
Saint Vincent and the Grenadines
70.9%
Mauritius
70.7%
Comoros
68.8%
% Correct
Brunei
68.4%
Marshall Islands
67.5%
Czechia (Prague)
66.4%
Senegal
64.9%
Solomon Islands
64.5%
Kyrgyzstan
63.3%
Myanmar
59.1%
Timor-Leste
59.1%
Croatia (Zagreb)
54.7%
Syria
54%
Ecuador
51.3%
Cyprus
47.5%
Guinea-Bissau
45.8%
South Africa (Pretoria)
44.6%
Kosovo (Priština)
42.7%
Central African Republic
39.9%
Cabo Verde (Praia)
33.9%
United Kingdom
30%
El Salvador
26.9%
Denmark
14.5%
Remove Ads.
Support Sporcle.
Get the best of Sporcle when you Go Orange. This ad-free experience offers more features, more stats, and more fun while also helping to support Sporcle. Thank you for becoming a member.

You're not logged in!

Compare scores with friends on all Sporcle quizzes.
OR
Log In

Sporcle TV

Today on Sporcle TV


Watch our educational content, quiz creation guides, and fun videos on Sporcle TV.

Show Comments

Extras

Top Quizzes Today


Score Distribution

Paid Content

Your Account Isn't Verified!

In order to create a playlist on Sporcle, you need to verify the email address you used during registration. Go to your Sporcle Settings to finish the process.

Report this User

Report this user for behavior that violates our Community Guidelines.

Details: